1696 1034 1252 1960 1174 1254 1863 1023 1121 1198 1403 1758 1598 1440 1775 1349 1163 1453 1580 1703 1550 1184 1140 1901 1646 1788 1597 1889 1975 1447 1490 1219 1180 1069 1085 1515 1729 1048 1907 1132 1048 1600 1466 1841 1817 1190 1083 1960 1083 1024 1801 1806 1237 1399 1804 1696 1452 1498 1784 1359 1626 1906 1961 1973 1894 1213 1536 1223 1873 1918 1153 1529 1909 1523 1366 1292 1432 1701 1063 1436 1671 1652 1669 1980 1497 1218 1510 1255 1775 1111 1661 1131 1602 1485 1507 1623 1571 1384 1148 BCNSPRNW ULIB Ver.6.0+V

เปลี่ยนเป็นภาษาไทย

Change to English
 แสดงรายละเอียดบรรณานุกรม
  กลับหน้าหลัก

Brief Record : Get Marc (ISO 2709) : E-mail record : QR code < ปิดหน้าต่าง
LEADER : 00000nam 2200000uu 4500
001    13399114427
003     ULIB
008    110627s||||||||th 000 0 tha d
020    9786167430089
098    นว.^bช324บ
100 0  ช่อศลาญา
245 00 บุพเพเล่ห์ทราย/^cช่อศลาญา
250    พิมพ์ครั้งที่ 1
260    กรุงเทพฯ :^bSimply Book-Love&Desire,^c2554
300    426 หน้า
710 1  Simply Book-Love&Desire
945    ^p295^l0^i031537
995    ทศพร
999 ^a ใช้งานได้ทุกระบบ
รายการนี้ยังไม่มีแท็ก
คุณยังไม่ได้ล็อกอิน คุณสามารถมีกิจกรรมร่วมกับเว็บไซต์ได้ แต่ต้องล็อกอินก่อน ::
  ล็อกอิน

รายการสื่อสารสนเทศ

ลำดับที่ ประเภท เลขเรียก/บาร์โค้ด สถานที่ สถานะ
1. นวนิยาย
นวนิยาย
 ฉ.1 
  Barcode: 031537
ห้องสมุดวิทยาเขตสวรรค์ประชารักษ์
►นวนิยาย
บนชั้น
  ขอยืม

BibComment


ยังไม่เคยถูกคอมเมนท์

คอมเมนท์ทรัพยากรรายการนี้
  คอมเมนท์: บุพเพเล่ห์ทราย ช่..


 Copyright 2026. Bcnsprnw @Library